| 000 | 00341nam a2200121Ia 4500 | ||
|---|---|---|---|
| 008 | 231129s9999||||xx |||||||||||||| ||spa|| | ||
| 040 | _bspa | ||
| 082 | _a330.1594 S524i | ||
| 100 | _aShackie G.L.S | ||
| 245 | 0 | _aEl inquiridor economico: Ciento sesenta y cuatro preguntas sobre economia | |
| 264 | _aCirculo de Lectores | ||
| 942 |
_2ddc _cBKS |
||
| 999 |
_c11369 _d11369 |
||